DTC Questions I Missed (May 2024) - Statistics

General Stats
  • This quiz has been taken 38 times
  • The average score is 14 of 22
Answer Stats
Question Answer % Correct
How many dots are on a single six-sided die? 21
92%
What bills itself as "a game of global domination"? Risk
92%
What bridge is painted in the color International Orange? Golden Gate Bridge
85%
Which of these is NOT a city in Europe? Mustard
85%
What country did bagels come from originally? Poland
85%
Who starred alongside Matthew McConaughey in "How to Lose a Guy in 10 Days"? Kate Hudson
69%
How do you say "thank you" in Chinese? Xièxiè
69%
How many cubes that are 2 cm on a side can fit into a cube that is 6 cm on a side? 27
62%
In the song "Rudolph the Red-Nosed Reindeer", which reindeer is mentioned first? Dasher
62%
What is a more common name for an ichthyoid? Fish
62%
Who proposed a plan to bulldoze much of Paris, rebuilding it with 18 identical concrete skyscrapers surrounded by parks and wide roads for automobile traffic? Le Corbusier
62%
What has the motto "Citius, Altius, Fortius"? The Olympic Games
62%
Which of these actors was born in the 1970s? Ashton Kutcher
54%
What does the French word "gauche" mean? Left
54%
Which of these cities in Florida is furthest from the coast? Orlando
54%
What was the first sport that Nike made shoes for? Running
54%
What color is the 1 ball in pocket billiards? Yellow
54%
Which of these military subdivisions is largest? Division
46%
In 2023, what country set the record for the most crude oil ever produced by a single country in a single year? United States
46%
Which of these gymnastics events do women participate in at the Olympics? Vault
46%
About how old is the world’s oldest known tree, a bristlecone pine in California named Methuselah? 4800 years
38%
What does a "chartist" try to predict? Stock Market Prices
31%
No matching quizzes found
Score Distribution
Percent of People with Each Score
Percentile by Number Answered
Your Score History
You have not taken this quiz